The Life of Mahomet (Record no. 2687)

MARC details
000 -LEADER
fixed length control field 00798nam a2200253 a 4500
020 ## - INTERNATIONAL STANDARD BOOK NUMBER
ISBN
082 00 - DEWEY DECIMAL CLASSIFICATION NUMBER
Classification number 297.63
Author Cutter MUI5
100 ## - MAIN ENTRY--AUTHOR NAME
Author name Muir, William
245 ## - TITLE STATEMENT
Title The Life of Mahomet
260 ## - PUBLICATION, DISTRIBUTION, ETC. (IMPRINT)
Place of publication London
Name of publisher Smith Elder and Co.
Year of publication 1861
300 ## - PHYSICAL DESCRIPTION
Number of Pages 00
500 ## - GENERAL NOTE
General note includes index and biblioraphy
505 2# - FORMATTED CONTENTS NOTE
Formatted contents note Bibliography
505 2# - FORMATTED CONTENTS NOTE
Formatted contents note Bibliography00
650 ## - SUBJECT ADDED ENTRY--TOPICAL TERM
Topical Term Muhammad, Prophet
942 ## - ADDED ENTRY ELEMENTS (KOHA)
Koha item type Books
700 1# -
-- Muir, William
Holdings
Home library Current library Date acquired Cost, normal purchase price Full call number Accession Number Koha item type
Henry Martyn Institute Library Henry Martyn Institute Library   100.00 297.63 MUI5 1172 Archive Book
Henry Martyn Institute Library Henry Martyn Institute Library   100.00 297.63 MUI5 1174 Archive Book
Henry Martyn Institute Library Henry Martyn Institute Library   100.00 297.63 MUI5 1175 Archive Book
Henry Martyn Institute Library Henry Martyn Institute Library   100.00 297.63 MUI5 8015 Archive Book
Henry Martyn Institute Library Henry Martyn Institute Library   100.00 297.63 MUI5 8361 Archive Book
Henry Martyn Institute Library Henry Martyn Institute Library   100.00 297.63 MUI5 8551 Archive Book
Henry Martyn Institute Library Henry Martyn Institute Library   100.00 297.63 MUI5 8552 Archive Book
Henry Martyn Institute Library Henry Martyn Institute Library   100.00 297.63 MUI5 8563 Archive Book
                   Copyright © 2026 | Henry Martyn Institute | Hyderabad | TS-500052 | INDIA | Implemented by hmi.edu.in
Hit-Count:

Powered by Koha